Κατάλογος Βιβλιοθηκών Mediterranean College

MW EE - RF Microwave / Test and Measurement Wireless Infrastructure (Record no. 9173)

MARC details
000 -LEADER
fixed length control field 01206cam a22001814a 4500
005 - ΗΜΕΡΟΜΗΝΙΑ ΚΑΙ ΩΡΑ ΤΕΛΕΥΤΑΙΑΣ ΕΝΗΜΕΡΩΣΗΣ
Πεδίο ελέγχου 20250605164355.0
008 - FIXED-LENGTH DATA ELEMENTS--GENERAL INFORMATION
Πεδίο ελέγχου σταθερού μήκους 250528s ||||||||||||||||||||||||d
035 ## - SYSTEM CONTROL NUMBER
System control number 24283
040 ## - ΠΗΓΗ ΚΑΤΑΛΟΓΟΓΡΑΦΗΣΗΣ
Φορέας πρωτότυπης καταλογογράφησης MC Athens Campus Library
Γλώσσα καταλογογράφησης Ελληνικά, Μοντέρνα (1453-)
Modifying agency MC Athens Campus Library
Κανόνες περιγραφικής καταλογογράφησης AACR2
245 1# - ΤΙΤΛΟΣ ΚΑΙ ΔΗΛΩΣΗ ΥΠΕΥΘΥΝΟΤΗΤΑΣ
Τίτλος MW EE - RF Microwave / Test and Measurement Wireless Infrastructure
260 ## - PUBLICATION, DISTRIBUTION, ETC.
Name of publisher, distributor, etc. European Business Press Sa,
Date of publication, distribution, etc. 2020
300 ## - PHYSICAL DESCRIPTION
Extent 26
520 ## - SUMMARY, ETC.
Summary, etc. 5G as a Tool in the Fight Against Future Pandemics, Radar Allows Heavy Lifting Drones to Navigate Complex Environments, 5G Test Center for Connected and Autonomous Driving Opens in Spain, Test and Measurement: 5G's Far-Reaching Ambitions Set Complex and Long-Term Challenges, Wireless Infrastructure: Choosing the Right Low Power Wireless Protocols, Wireless Infrastructure: 4G and 5G: A Star Crossed Marriage for the Future Connectivity, Microwave Pulse Method Reduces Error Rate in Quantum Computers, Wireless Infrastructure: 5G Striving for Sustainable Growth Amid High Expectations, Integrated Passive Components Simplify Signal Conditioning in Package that is 20% the Size, VNA Covers 70 kHz to 220 GHz Phased Array Antenna.
700 1# - ΠΡΟΣΘΕΤΗ ΑΝΑΓΡΑΦΗ--ΦΥΣΙΚΟ ΠΡΟΣΩΠΟ
Personal name Joosting Jean-Pierre
9 (RLIN) 9443
942 ## - ADDED ENTRY ELEMENTS (KOHA)
Koha item type Περιοδικά Δημοσιεύματα
Holdings
Τύπος τεκμηρίου Βιβλιοθήκη Τρέχουσα τοποθεσία Barcode Ημερομηνία απόκτησης Ταξιθετικό σύμβολο Αριθμός αντιτύπου Κατάσταση απόσυρσης Κατάσταση χαμένου Κατάσταση κατεστραμμένου Μη δανεισμός Σύνολο δανεισμών Ημερομηνία τελευταίας εμφάνισης Η τιμή ισχύει από
Περιοδικά Δημοσιεύματα MC Athens Campus Library MC Athens Campus Library 9780000091727 05/06/2025 MWEE 1           05/06/2025 05/06/2025

MC Athens Campus Library
Πατησίων 94 & Κοδριγκτώνος 13, 104 34
Πελλήνης 8 & Πατησίων 107, 112 51
Τ: +30 210 8899600

MC Thessaloniki Campus Library
Ίωνος Δραγούμη 21, 54625 | Ίωνος Δραγούμη 15, 54625
Τ: +30 2310 287779 – Τ: +30 2314 440300